| 000 | 00513cam a2200217ua 4500 | ||
|---|---|---|---|
| 020 | _c150.00 | ||
| 041 |
_aeng _h |
||
| 082 |
_a628.53 _bRAO/AI |
||
| 100 | _aRao, M.N . | ||
| 245 |
_aAir pollution / _cM.N.Rao. _hTextual Documents |
||
| 250 |
_a1 / _b. |
||
| 260 |
_a : _bTata Mc-Graw Hill Publishing Company , _c1990. |
||
| 300 | _a339 ; . | ||
| 365 | _a150.00 | ||
| 504 | _a | ||
| 700 | 1 | _aRao, H V N . | |
| 942 | _cBK | ||
| 999 |
_c2297 _d2297 |
||